书目信息 |
| 题名: |
莎士比亚评论汇编
|
|
| 作者: | 杨周翰 编选 | |
| 分册: | ||
| 出版信息: | 北京 中国社会科学出版社 1981 |
|
| 页数: | 2册(520, 578)页 | |
| 开本: | 20cm | |
| 丛书名: | 外国文学研究资料丛刊 | |
| 单 册: | ||
| 中图分类: | I561.06 , I106 | |
| 科图分类: | ||
| 主题词: | 文学--世界 | |
| 电子资源: | ||
| ISBN: | ||
| 000 | 00826oam2 2200277 450 | |
| 001 | 1570454753 | |
| 005 | 20150120193518.59 | |
| 010 | @dCNY1.55 | |
| 091 | @a10190.008@b上@dCNY1.55 | |
| 091 | @a10190.064@b下@dCNY2.05 | |
| 100 | @a20060218d1981 em y0chiy0120 ea | |
| 101 | 0 | @achi |
| 102 | @aCN@b110000 | |
| 105 | @ay z 000yy | |
| 200 | 1 | @a莎士比亚评论汇编@9sha shi bi ya ping lun hui bian@f杨周翰编选 |
| 210 | @a北京@c中国社会科学出版社@d1981 | |
| 215 | @a2册(520, 578)页@d20cm | |
| 225 | 2 | @a外国文学研究资料丛刊@9wai guo wen xue yan jiu zi liao cong kan |
| 461 | 0 | @12001 @a外国文学研究资料丛刊 |
| 600 | 1 | @a莎士比亚@bW@x文学评论 |
| 606 | 0 | @a文学@x世界 |
| 690 | @aI561.06@v5 | |
| 690 | @aI106@v4 | |
| 701 | 0 | @a杨周翰@9yang zhou han@4编选 |
| 801 | 0 | @aCN@bTSSF@c20150120 |
| 905 | @aZUCC@dI106@eJY5:1 | |
| 莎士比亚评论汇编/杨周翰编选.-北京:中国社会科学出版社,1981 |
| 2册(520, 578)页;20cm.-(外国文学研究资料丛刊) |
| ISBN :CNY1.55 |
| ● |
| 相关链接 |
|
|
|
|
正题名:莎士比亚评论汇编
索取号:I106/JY5:1
 
预约/预借
| 序号 | 登录号 | 条形码 | 馆藏地/架位号 | 状态 | 备注 |
| 1 | 7836917 | 278369178 | 学院路分馆/ [索取号:I106/JY5:1] | 在馆 | |
| 2 | 7836918 | 278369187 | 学院路分馆/ [索取号:I106/JY5:1] | 在馆 | |
| 3 | 7836919 | 278369196 | 学院路分馆/ [索取号:I106/JY5:1] | 在馆 | |
| 4 | 7836920 | 278369203 | 学院路分馆/ [索取号:I106/JY5:1] | 在馆 |